000 00488cam a2200205ua 4500
001 10128
005 20260515114554.0
008 170331n ii |||gr||||Z||||||asm
020 _a9789381784525
040 _cMAIN
041 _aasm
082 _a891.4511
100 _aNath, Deepen,
_eAuthor.
245 _aAsamiya kabitar adhyayan
_cBy Deepen Nath
250 _a3rd ed.
260 _aJorhat:
_bBidya bhawan,
_c2015.
300 _a186p.
653 _aAssamese language
942 _cBK
999 _c9117
_d9117